| 000 | 00718nam a2200205 i 4500 | ||
|---|---|---|---|
| 001 | 98426 | ||
| 003 | ES-MaACL | ||
| 005 | 20230906182301.0 | ||
| 007 | t| | ||
| 008 | 050829s1908 sp ||||1| spa d | ||
| 245 | 0 | 3 | _aLa Comisión permanente contra la tuberculosis. |
| 260 |
_aMadrid : _b[s.n.], _c1908 ( _fImpr. y Libr. de Nicolás Moya) |
||
| 300 |
_a29 p. ; _c23 cm. |
||
| 490 | 1 |
_aPublicaciones de la Comisión Permanente contra la Tuberculosis ; _v1 |
|
| 500 | _aPrecede al tit.: Sanidad. | ||
| 710 | 2 |
_aComisión permanente contra la Tuberculosis. _93055 |
|
| 830 | 0 |
_aPublicaciones de la Comisión Permanente contra la Tuberculosis ; _v1 _9184470 |
|
| 852 |
_aES-MaACL _jT-1249-F-9 |
||
| 999 |
_c98426 _d98426 |
||